书目信息 |
| 题名: |
汉语标点符号流变史
|
|
| 作者: | 袁晖 , 管锡华 , 岳方遂 著 | |
| 分册: | ||
| 出版信息: | 武汉 湖北教育出版社 2002 |
|
| 页数: | 497页 | |
| 开本: | 20cm | |
| 丛书名: | ||
| 单 册: | ||
| 中图分类: | H155 | |
| 科图分类: | ||
| 主题词: | 汉语--标点符号--历史 | |
| 电子资源: | ||
| ISBN: | 7-5351-3330-4 | |
| 000 | 00643nam0 2200217 45 | |
| 001 | 0408131543 | |
| 005 | 20040813151234.0 | |
| 010 | @a7-5351-3330-4@dCNY27.00 | |
| 100 | @a20040813d2002 km y0chiy0120 ea | |
| 101 | 0 | @achi |
| 105 | @a z 000yy | |
| 200 | 1 | @a汉语标点符号流变史@AHan Yu Biao Dian Fu Hao Liu Bian Shi@f袁晖,管锡华,岳方遂著@FYuan Hui,Guan Xi Hua,Yue Fang Sui Zhu |
| 210 | @a武汉@c湖北教育出版社@d2002 | |
| 215 | @a497页@d20cm | |
| 606 | 0 | @a汉语@x标点符号@x历史 |
| 690 | @aH155@v4 | |
| 701 | 0 | @a袁晖@4著 |
| 701 | 0 | @a管锡华@4著 |
| 701 | 0 | @a岳方遂@4著 |
| 801 | @aCN@bTSTCL@c20040813 | |
| 905 | @b335378-385@dH155@e274@f8 | |
| 汉语标点符号流变史/袁晖,管锡华,岳方遂著.-武汉:湖北教育出版社,2002 |
| 497页;20cm |
| ISBN 7-5351-3330-4:CNY27.00 |
| ● |
| 相关链接 |
|
|
|
|
正题名:汉语标点符号流变史
索取号:H155/274
 
预约/预借
| 序号 | 登录号 | 条形码 | 馆藏地/架位号 | 状态 | 备注 |
| 1 | 0335378 | 203353780 | 第四借阅区/ [索取号:H155/274] | 在馆 | |
| 2 | 0335379 | 203353799 | 第四借阅区/ [索取号:H155/274] | 在馆 | |
| 3 | 0335380 | 203353806 | 第四借阅区/ [索取号:H155/274] | 在馆 | |
| 4 | 0335381 | 203353815 | 第四借阅区/ [索取号:H155/274] | 在馆 | |
| 5 | 0335382 | 203353824 | 第四借阅区/ [索取号:H155/274] | 在馆 | |
| 6 | 0335383 | 203353833 | 第四借阅区/ [索取号:H155/274] | 在馆 | |
| 7 | 0335384 | 203353842 | 第四借阅区/ [索取号:H155/274] | 在馆 | |
| 8 | 0335385 | 203353851 | 第二样本阅览室/ [索取号:H155/274] | 在馆 |